[Event "04.Bad Bertrich Moselpokal op"]
[Site "?"]
[Date "1996.??.??"]
[Round "6"]
[White "Heizmann Willi"]
[Black "Capelle Herbert"]
[Result "0-1"]
[WhiteElo "2440"]
[BlackElo "2710"]
[PlyCount "63"]
[EventDate "1996.??.??"]
[Source "www.chesslib.no"]
[SourceDate "2004.05.04"]

1. e4 e6 2. Nc3 c6 3. a3 d5 4. d4 Qa5 5. Bd2 Qd8 6. Nf3 Nf6 7. e5 Nfd7 8. Bd3 Be7 9. O-O c5 10. Re1 cxd4 11. Nxd4 a6 12. Qh5 Nc5 13. Bxh7 Nc6 14. Nf3 b5 15. Bg5 Nd7 16. Bxe7 Qxe7 17. Qh4 Qxh4 18. Nxh4 Rxh7 19. Nf3 Bb7 20. b4 Rc8 21. Ng5 Rh5 22. f4 Nxb4 23. axb4 Rxc3 24. Ra2 Nb6 25. Rb2 Ke7 26. g4 Rh4 27. Re2 Rxg4+ 28. Kf1 Nc4 29. Ke1 Nxb2 30. Kd2 Rc7 31. Rf2 Nc4+ 32. Kc1 0-1

[Event "Kusadasi TUR"]
[Site "?"]
[Date "2006.04.05"]
[Round "2"]
[White "Guseinov Gadir"]
[Black "Heberla Bartolomiej"]
[Result "1/2-1/2"]
[WhiteElo "2607"]
[BlackElo "2487"]
[PlyCount "70"]
[EventDate "2006.??.??"]
[Source "www.chesslib.no"]
[SourceDate "2004.05.04"]

1. e4 e6 2. Nc3 d5 3. Nf3 Nf6 4. e5 Ne4 5. Qe2 Nxc3 6. dxc3 c5 7. h4 Nc6 8. h5 h6 9. Rh4 Bd7 10. Rf4 Qb6 11. b3 O-O-O 12. Bb2 g5 13. hxg6 fxg6 14. O-O-O g5 15. Rg4 Be8 16. c4 Bh5 17. Rg3 Bg7 18. cxd5 exd5 19. Qb5 d4 20. Ba3 Bxe5 21. Nxe5 Nxe5 22. f3 Qxb5 23. Bxb5 a6 24. Be2 Nd7 25. Rh1 Bf7 26. f4 gxf4 27. Rg7 Be6 28. Re7 Rhe8 29. Rxe8 Rxe8 30. Rxh6 Kc7 31. Bh5 Re7 32. Kd1 Kd6 33. Bc1 Ke5 34. Bf3 Nf6 35. Bxf4+ Kxf4 1/2-1/2

[Event "4th IECC"]
[Site "Istanbul"]
[Date "2003.06.07"]
[Round "8"]
[White "Guseinov, Kadir"]
[Black "Huzman, Alexander"]
[Result "0-1"]
[WhiteElo "2505"]
[BlackElo "2589"]
[PlyCount "164"]
[EventDate "2003.05.30"]
[Source "Roberto Alvarez"]
[SourceDate "2003.06.23"]

1. e4 e6 2. Nc3 d5 3. Nf3 d4 4. Ne2 c5 5. c3 Nf6 6. cxd4 cxd4 7. e5 Nfd7 8. Nexd4 Nxe5 9. Bb5+ Nec6 10. Nxc6 Nxc6 11. Bxc6+ bxc6 12. Qa4 Qd5 13. O-O Be7 14. b3 Qb5 15. Qf4 O-O 16. Bb2 f6 17. Rfc1 Bd7 18. Qc4 Rfc8 19. Rc2 a5 20. Rac1 a4 21. bxa4 Qxa4 22. Qd3 Rd8 23. Qe3 c5 24. d4 cxd4 25. Bxd4 Rdc8 26. Rxc8+ Rxc8 27. Rxc8+ Bxc8 28. Qb3 Bd7 29. Qxa4 Bxa4 30. Nd2 e5 31. Bb6 Kf7 32. Ne4 Ba3 33. Bc5 Bb2 34. Bb4 Bc6 35. Nc3 Ke6 36. a4 f5 37. a5 Kd7 38. Nd1 Bd4 39. Bc3 Bb5 40. Bxd4 exd4 41. f3 Kc6 42. Kf2 Kc5 43. Ke1 Kb4 44. Kd2 Kxa5 45. Nf2 Kb4 46. f4 Kc4 47. Nd3 Kd5 48. Nf2 Ba6 49. Kc2 Bf1 50. g3 h6 51. Kd2 g5 52. Ke1 Bg2 53. Ke2 gxf4 54. gxf4 Kc4 55. Kd2 Be4 56. Nd1 Bf3 57. Nf2 Bg2 58. Nd1 Kd5 59. Nf2 Bf1 60. Ke1 Bb5 61. Kd2 Ba6 62. Kc2 d3+ 63. Kc3 Bb5 64. h3 d2 65. Kxd2 Kd4 66. Nd1 Ba6 67. Ke1 Ke4 68. Kf2 Kxf4 69. Ne3 Bb7 70. Nc2 Kg5 71. Nd4 f4 72. Ne6+ Kf5 73. Nd4+ Ke5 74. Ne2 Bc6 75. Ng1 Ke4 76. Nf3 Bd7 77. Ng1 Be6 78. Ke2 Bf7 79. Kf2 Bh5 80. h4 Bg4 81. h5 Bxh5 82. Kg2 Bg4 0-1

[Event "Camp. cittadino"]
[Site "Mosca RUS"]
[Date "2008.05.15"]
[Round "4"]
[White "Vorobiov, E."]
[Black "Rustemov, A."]
[Result "1/2-1/2"]
[WhiteElo "2536"]
[BlackElo "2552"]
[PlyCount "42"]
[EventDate "2008.05.12"]
[Source "www.chesslib.no"]
[SourceDate "2004.05.04"]

1. e4 e6 2. Nc3 d5 3. Nf3 d4 4. Ne2 c5 5. c3 dxc3 6. Nxc3 Nc6 7. Bb5 Bd7 8. d4 Nxd4 9. Nxd4 cxd4 10. Qxd4 Bxb5 11. Qxd8+ Rxd8 12. Nxb5 a6 13. Nc3 Bb4 14. Bd2 Ne7 15. Ke2 Nc6 16. Rhd1 Ke7 17. Rac1 Nd4+ 18. Kf1 Nc6 19. Ke2 Nd4+ 20. Kf1 Nc6 21. Ke2 Nd4+ 1/2-1/2

[Event "TCh-RUS"]
[Site "Togliatti"]
[Date "2003.05.16"]
[Round "1"]
[White "Bachin, Vitaly"]
[Black "Kortschnoj, Viktor"]
[Result "1/2-1/2"]
[WhiteElo "2443"]
[BlackElo "2632"]
[PlyCount "90"]
[EventDate "2003.05.16"]
[Source "Roberto Alvarez"]
[SourceDate "2003.05.26"]

1. e4 e6 2. Nc3 d5 3. Nf3 d4 4. Ne2 c5 5. d3 Nc6 6. g3 e5 7. Bg2 Be7 8. O-O g5 9. Nd2 Be6 10. f4 f6 11. Nf3 h6 12. c4 Bd6 13. a3 a6 14. h4 g4 15. Ne1 b5 16. b3 Rb8 17. Bd2 bxc4 18. dxc4 Qb6 19. Nc1 h5 20. Ned3 a5 21. a4 Rh7 22. Ra2 Rhb7 23. Be1 Kd7 24. Raf2 Qd8 25. fxe5 fxe5 26. Bd2 Kc7 27. Bg5 Qe8 28. Qd2 Rxb3 29. Nxb3 Rxb3 30. Rc1 Nb4 31. Nxb4 axb4 32. Kh2 Qxa4 33. Bh6 Ra3 34. Qg5 Qb3 35. Qg7+ Kc6 36. Bf4 exf4 37. e5+ f3 38. exd6 Kxd6 39. Qf8+ Ne7 40. Re1 Kd7 41. Rxf3 gxf3 42. Rxe6 Kxe6 43. Bh3+ Kd6 44. Qf6+ Kc7 45. Qxe7+ Kb8 1/2-1/2

[Event "Las Palmas"]
[Site "Las Palmas ESP"]
[Date "1976.??.??"]
[Round "12"]
[White "Bellon Lopez, Juan Manuel"]
[Black "Huebner, Robert"]
[Result "0-1"]
[WhiteElo "2475"]
[BlackElo "2585"]
[PlyCount "82"]
[EventDate "1976.04.??"]
[Source "www.chesslib.no"]
[SourceDate "2004.05.04"]

1. e4 e6 2. Nc3 d5 3. Nf3 Bb4 4. a3 Be7 5. d4 dxe4 6. Nxe4 Nd7 7. Bd3 b6 8. Bb5 Ngf6 9. Ne5 O-O 10. Nc6 Qe8 11. Qf3 Nd5 12. O-O a6 13. Bd3 Bb7 14. Nxe7+ Nxe7 15. Qh3 h6 16. Bf4 Nd5 17. Bd2 f5 18. Ng3 b5 19. Rae1 Qf7 20. b3 Rfe8 21. c4 bxc4 22. bxc4 Ne7 23. Re2 Nf8 24. Rfe1 Rad8 25. Bc3 c5 26. d5 exd5 27. cxd5 Nxd5 28. Bc4 Rxe2 29. Rxe2 Ne6 30. Qxf5 Nxc3 31. Qxf7+ Kxf7 32. Rxe6 Bd5 33. Bxd5 Rxd5 34. Re1 c4 35. h4 Ra5 36. h5 Rxa3 37. Nf5 Nb5 38. Ne3 c3 39. Kf1 Ra2 40. Rc1 Nd4 41. g4 c2 0-1

[Event "Ptuj zt"]
[Site "Ptuj"]
[Date "1995.??.??"]
[Round "14"]
[White "Enders, Peter"]
[Black "Luther, Thomas"]
[Result "0-1"]
[WhiteElo "2480"]
[BlackElo "2550"]
[PlyCount "30"]
[EventDate "1995.04.??"]
[Source "ChessBase"]

1. e4 e6 2. Nc3 d5 3. d3 Nf6 4. e5 Nfd7 5. Nf3 c5 6. Bf4 Nc6 7. Qe2 Be7 8. O-O-O Qa5 9. Kb1 b5 10. Re1 b4 11. Nd1 Rb8 12. Nd2 Nd4 13. Qg4 g5 14. Bxg5 Rg8 15. h4 b3 0-1

[Event "URS"]
[Site "?"]
[Date "1964.??.??"]
[Round "?"]
[White "Tseshkovsky Vitaly"]
[Black "Kapengut Albert Z"]
[Result "1/2-1/2"]
[WhiteElo "2577"]
[BlackElo "2451"]
[PlyCount "47"]
[EventDate "1964.??.??"]
[Source "www.chesslib.no"]
[SourceDate "2004.05.04"]

1. e4 e6 2. Nc3 d5 3. Nf3 d4 4. Ne2 c5 5. c3 Nf6 6. e5 Nfd7 7. cxd4 cxd4 8. Qa4 Nc6 9. Nexd4 Ndxe5 10. Bb5 Bd7 11. Nxe5 Nxe5 12. Bxd7+ Qxd7 13. Qxd7+ Kxd7 14. Ke2 Rc8 15. b3 Be7 16. Bb2 Bf6 17. Bc3 Rc5 18. Rhd1 Rd5 19. Nc2 Rc8 20. Ne3 Rd6 21. Bb4 Ng6 22. Bxd6 Bxa1 23. Bb4 Bf6 24. g3 1/2-1/2

[Event "URS"]
[Site "?"]
[Date "1965.??.??"]
[Round "?"]
[White "Kiriakov Petr"]
[Black "Kapengut Albert Z"]
[Result "0-1"]
[WhiteElo "2555"]
[BlackElo "2451"]
[PlyCount "52"]
[EventDate "1965.??.??"]
[Source "www.chesslib.no"]
[SourceDate "2004.05.04"]

1. e4 e6 2. Nc3 d5 3. Nf3 d4 4. Ne2 c5 5. c3 Nf6 6. d3 Nc6 7. cxd4 cxd4 8. Qa4 Bd7 9. Nexd4 Bb4+ 10. Kd1 Bc5 11. Qc4 Nxe4 12. dxe4 Nxd4 13. Nxd4 Bxd4 14. Bd3 Bxf2 15. Bd2 O-O 16. Rf1 Rc8 17. Qb3 Be3 18. Qa3 Bxd2 19. Kxd2 Qg5+ 20. Ke2 Bb5 21. Kf3 f5 22. Bxb5 fxe4+ 23. Kxe4 Qd5+ 24. Ke3 Qe5+ 25. Kd2 Qg5+ 26. Ke1 Rc1+ 0-1

[Event "Club"]
[Site "?"]
[Date "1997.??.??"]
[Round "1"]
[White "Bezold Michael"]
[Black "Maiwald Jens-Uwe"]
[Result "1/2-1/2"]
[WhiteElo "2500"]
[BlackElo "2495"]
[PlyCount "34"]
[EventDate "1997.??.??"]
[Source "www.chesslib.no"]
[SourceDate "2004.05.04"]

1. e4 e6 2. Nc3 d5 3. g3 Nf6 4. Bg2 Nc6 5. d3 h6 6. Nf3 dxe4 7. Nxe4 Nxe4 8. Rg1 Nc5 9. Nd4 Qh4 10. Qg4 Ke7 11. Be3 Ne5 12. Nf3 Nc6 13. d4 Qxg3 14. Qe4 Kd6 15. Rd1 Qf4 16. c4 Na4 17. Qd3 Qxf3 1/2-1/2

[Event "Mermaid Beach Club"]
[Site "Bermuda"]
[Date "1997.??.??"]
[Round "1"]
[White "Bezold, Michael"]
[Black "Maiwald, Jens Uwe"]
[Result "1/2-1/2"]
[WhiteElo "2500"]
[BlackElo "2495"]
[PlyCount "34"]
[EventDate "1997.01.??"]
[Source "ChessBase"]

1. e4 e6 2. Nc3 d5 3. g3 Nf6 4. Bg2 Nc6 5. d3 h6 6. Nf3 dxe4 7. Nxe4 Nxe4 8. dxe4 Qxd1+ 9. Kxd1 Bc5 10. Ke2 e5 11. Be3 Bb6 12. c3 Be6 13. b3 O-O-O 14. Rhd1 Rxd1 15. Rxd1 Rd8 16. Rc1 Bxe3 17. Kxe3 f6 1/2-1/2

[Event "IX Open"]
[Site "Dubai EAU"]
[Date "2007.04.29"]
[Round "8"]
[White "Guseinov, G."]
[Black "Girinath, P."]
[Result "1-0"]
[WhiteElo "2586"]
[BlackElo "2378"]
[PlyCount "135"]
[EventDate "2007.04.22"]
[Source "www.chesslib.no"]
[SourceDate "2004.05.04"]

1. e4 e6 2. Nc3 d5 3. Nf3 d4 4. Ne2 c5 5. c3 Nf6 6. Ng3 Be7 7. Bd3 Nc6 8. Qe2 a6 9. e5 Nd7 10. O-O h5 11. Be4 Ncxe5 12. Nxe5 Nxe5 13. f4 d3 14. Qe3 Ng4 15. Qxd3 Qxd3 16. Bxd3 Bd7 17. Be2 Nf6 18. d3 Bc6 19. Nh1 Ng4 20. h3 Nf6 21. f5 e5 22. Bg5 Nd5 23. Bd2 O-O-O 24. Rae1 Bf6 25. a3 Kc7 26. Rc1 h4 27. Rcd1 Rhe8 28. Bh5 Rd7 29. Rde1 Red8 30. Bc1 Ne7 31. Bxf7 Rxd3 32. Bc4 R3d6 33. Be3 b6 34. Bxa6 Bd7 35. Be2 Nxf5 36. Bc1 Ne7 37. Nf2 Bc6 38. Ng4 Nd5 39. Bf3 Bb5 40. Rf2 Nf4 41. Bxf4 exf4 42. Nxf6 Rxf6 43. Bg4 Rf7 44. Re5 Bd7 45. Bh5 Rf6 46. Re7 g5 47. Rg7 Rh8 48. Rxg5 Bc6 49. Rg7+ Kb8 50. Bf3 Bxf3 51. Rxf3 Rd8 52. Rf2 Rd3 53. Rg4 f3 54. Kh2 Re3 55. Rxh4 Kc7 56. Rg4 Kd6 57. Rg3 Re2 58. Rfxf3 Rxf3 59. Rxf3 Rxb2 60. h4 Ra2 61. h5 Rxa3 62. h6 b5 63. g4 b4 64. h7 Ra8 65. cxb4 cxb4 66. g5 b3 67. Rxb3 Ke6 68. Rf3 1-0

[Event "Moscow RUS"]
[Site "?"]
[Date "1997.??.??"]
[Round "3"]
[White "Lastin Alexander"]
[Black "Frog Ilya"]
[Result "1/2-1/2"]
[WhiteElo "2535"]
[BlackElo "2410"]
[PlyCount "51"]
[EventDate "1997.??.??"]
[Source "www.chesslib.no"]
[SourceDate "2004.05.04"]

1. e4 e6 2. Nc3 d5 3. Nf3 Nf6 4. e5 Nfd7 5. Ne2 c5 6. c3 b6 7. d4 Ba6 8. g3 Nc6 9. a3 Qc7 10. Nf4 Bxf1 11. Kxf1 Be7 12. h4 O-O-O 13. b4 h6 14. Kg2 c4 15. Be3 b5 16. a4 a6 17. Qc2 Nb6 18. a5 Nd7 19. Bd2 g6 20. Rae1 Rdg8 21. Qc1 Bf8 22. Nh3 Ndb8 23. Nh2 h5 24. Bg5 Ne7 25. Nf1 Nbc6 26. Ne3 1/2-1/2

[Event "Daugavpils"]
[Site "Daugavpils"]
[Date "1990.??.??"]
[Round "?"]
[White "Zhuravliov, Valerij"]
[Black "Bagirov, Vladimir"]
[Result "1/2-1/2"]
[WhiteElo "2460"]
[BlackElo "2470"]
[PlyCount "32"]
[EventDate "1990.02.??"]
[Source "ChessBase"]

1. e4 e6 2. Nc3 d5 3. Nf3 d4 4. Ne2 c5 5. c3 dxc3 6. dxc3 Qxd1+ 7. Kxd1 Nf6 8. Ng3 Nc6 9. Bd3 Bd6 10. Ke2 Bd7 11. Rd1 Ke7 12. Bc2 Bc7 13. Nf1 h6 14. h3 Rhd8 15. Be3 b6 16. a4 Be8 1/2-1/2

[Event "IBM-B"]
[Site "Amsterdam"]
[Date "1972.??.??"]
[Round "2"]
[White "Kraidman, Yair"]
[Black "Hecht, Hans Joachim"]
[Result "1-0"]
[WhiteElo "2450"]
[BlackElo "2470"]
[PlyCount "81"]
[EventDate "1972.??.??"]
[Source "ChessBase"]

1. e4 e6 2. Nc3 d5 3. d3 Nc6 4. g3 Nf6 5. Bg2 dxe4 6. Nxe4 Nxe4 7. Bxe4 Be7 8. Ne2 e5 9. O-O Bh3 10. Re1 Qd7 11. Be3 O-O-O 12. Nc3 f5 13. Bh1 Bg4 14. f3 Bh5 15. Qd2 Rhe8 16. Qf2 g5 17. Ne2 f4 18. Bc5 Bxc5 19. Qxc5 b6 20. Qf2 Bg6 21. Bg2 Re7 22. Nc3 Nd4 23. Ne4 h6 24. Rad1 fxg3 25. hxg3 Rf8 26. c3 Nc6 27. Qe3 Ref7 28. Rf1 Ne7 29. Nf2 Nd5 30. Qe2 h5 31. Qxe5 Qd6 32. Rde1 h4 33. Qxd6 cxd6 34. Ne4 Bxe4 35. fxe4 Nf6 36. Rf5 Nd7 37. Rxg5 hxg3 38. Rxg3 Ne5 39. d4 Nc4 40. Bh3+ Kc7 41. Be6 1-0

[Event "Budapest FS08 GM"]
[Site "Budapest"]
[Date "2001.08.04"]
[Round "1"]
[White "Drazic, Sinisa"]
[Black "Lukacs, Peter"]
[Result "1/2-1/2"]
[WhiteElo "2480"]
[BlackElo "2432"]
[PlyCount "37"]
[EventDate "2001.08.04"]
[Source "ChessBase"]
[SourceDate "2001.09.11"]

1. e4 e6 2. Nc3 d5 3. exd5 exd5 4. d4 c6 5. Bf4 Bd6 6. Bxd6 Qxd6 7. Bd3 Nf6 8. Nge2 O-O 9. h3 Re8 10. O-O Nbd7 11. Ng3 g6 12. Qd2 Nf8 13. Rfe1 Bd7 14. a3 Rxe1+ 15. Rxe1 Re8 16. Rxe8 Bxe8 17. b4 a6 18. Qe3 Bd7 19. Nge2 1/2-1/2

[Event "RUS-Cup7"]
[Site "Kstovo"]
[Date "1997.05.01"]
[Round "1"]
[White "Lastin, Alexander"]
[Black "Rapoport, Igor"]
[Result "1-0"]
[WhiteElo "2535"]
[BlackElo "2335"]
[PlyCount "47"]
[EventDate "1997.05.01"]
[Source "ChessBase"]
[SourceDate "1997.08.01"]

1. e4 e6 2. Nc3 d5 3. Nf3 Nf6 4. e5 Nfd7 5. Ne2 c5 6. c3 Nc6 7. d4 f6 8. Nf4 cxd4 9. Nxe6 Qb6 10. exf6 Nxf6 11. Nexd4 Bg4 12. Be2 Bc5 13. O-O O-O 14. Nb3 Rae8 15. Nxc5 Qxc5 16. Be3 Rxe3 17. fxe3 Qxe3+ 18. Kh1 Ne4 19. Qxd5+ Kh8 20. Ng1 Bf5 21. Nh3 g6 22. Bf3 Rd8 23. Rae1 Qh6 24. Qf7 1-0

[Event "CRO-chT"]
[Site "Pula"]
[Date "2001.09.16"]
[Round "7"]
[White "Ljubicic, Filip"]
[Black "Brumen, Dinko"]
[Result "1/2-1/2"]
[WhiteElo "2412"]
[BlackElo "2454"]
[PlyCount "85"]
[EventDate "2001.09.10"]
[Source "ChessBase"]
[SourceDate "2001.10.26"]

1. e4 e6 2. Nc3 d5 3. Nf3 Nf6 4. e5 Ne4 5. Ne2 Bc5 6. d4 Be7 7. Ng3 c5 8. Bd3 Nxg3 9. hxg3 cxd4 10. Nxd4 Nc6 11. Qg4 Nxe5 12. Qxg7 Nxd3+ 13. cxd3 Bf6 14. Qg4 h5 15. Qd1 e5 16. Nf3 Qa5+ 17. Bd2 Qa6 18. O-O Bg4 19. Qb3 O-O-O 20. d4 Bxf3 21. Qxf3 e4 22. Qf4 Qd6 23. Rac1+ Kd7 24. Qf5+ Qe6 25. Qf4 Rc8 26. Qe3 Qb6 27. Qf4 Qd6 28. Qe3 Rhg8 29. Qb3 Ke6 30. Rxc8 Rxc8 31. Qxb7 Rc7 32. Qb8 Bxd4 33. Bf4 Be5 34. Bxe5 Qxe5 35. Qe8+ Kf5 36. Qg8 Qf6 37. Rd1 Ke6 38. Qa8 Qe5 39. Qe8+ Re7 40. Qc8+ Rd7 41. Qe8+ Re7 42. Qc8+ Rd7 43. Qe8+ 1/2-1/2

[Event "RUS-chT"]
[Site "Tomsk"]
[Date "2001.05.19"]
[Round "6"]
[White "Bachin, Vitaly"]
[Black "Akselrod, Vladislav"]
[Result "1-0"]
[WhiteElo "2426"]
[BlackElo "2436"]
[PlyCount "164"]
[EventDate "2001.05.13"]
[Source "ChessBase"]
[SourceDate "2001.07.03"]

1. e4 e6 2. Nc3 d5 3. Nf3 d4 4. Ne2 c5 5. d3 Nc6 6. g3 Nge7 7. Bg2 g6 8. c4 Bg7 9. O-O O-O 10. a3 e5 11. Rb1 a6 12. Nd2 Qd6 13. f4 f6 14. Qc2 Bg4 15. Nf3 b5 16. b3 b4 17. h3 Bd7 18. g4 bxa3 19. Bxa3 a5 20. Qd2 exf4 21. Qxf4 Qxf4 22. Nxf4 Nb4 23. Ne1 Nec6 24. Nd5 Ne5 25. Rd1 Ra6 26. Kh2 Rb8 27. Bxb4 axb4 28. Nf3 Nc6 29. Nd2 Ne5 30. Nf3 Nc6 31. Nd2 Rf8 32. Rf2 Ra2 33. Bf1 Bh6 34. Kg2 f5 35. exf5 gxf5 36. g5 Bxg5 37. Nf3 Rxf2+ 38. Kxf2 Bd8 39. Bg2 Na5 40. Ne5 Be8 41. Rb1 Bh4+ 42. Kf3 h6 43. Kf4 Bg5+ 44. Kg3 Kh8 45. Nf4 Kh7 46. Ne6 Rg8 47. Bd5 Be3+ 48. Kh2 Bf2 49. Kh1 Bg3 50. Nf3 Bd6 51. Nh4 Bf7 52. Nxf5 Bxe6 53. Bxe6 Rd8 54. Bd5 Be5 55. Kg2 Kg6 56. Be4 h5 57. Rf1 Kf6 58. Nxd4+ Ke7 59. Nf5+ Kd7 60. Rb1 Nc6 61. Bxc6+ Kxc6 62. Kf3 Rf8 63. Ke4 Re8 64. Rf1 Bc3+ 65. Kf3 Rf8 66. Kf4 Bd2+ 67. Kg3 Rd8 68. Rf3 Be1+ 69. Kf4 Bd2+ 70. Ke5 Re8+ 71. Kf6 Re1 72. Kg6 Rb1 73. d4 cxd4 74. Nxd4+ Kc5 75. Nb5 h4 76. Kh5 Be1 77. Kg4 Rb2 78. Kf5 Bg3 79. Ke6 Rd2 80. Ke7 Re2+ 81. Kd7 Rd2+ 82. Kc8 Re2 1-0

[Event "Komercni Banka op"]
[Site "?"]
[Date "1996.??.??"]
[Round "4"]
[White "Zvara Petr"]
[Black "Totsky Leonid"]
[Result "0-1"]
[WhiteElo "2355"]
[BlackElo "2490"]
[PlyCount "94"]
[EventDate "1996.??.??"]
[Source "www.chesslib.no"]
[SourceDate "2004.05.04"]

1. e4 e6 2. Nc3 d5 3. g3 Nf6 4. e5 Nfd7 5. f4 c5 6. Nf3 Nc6 7. d3 a6 8. Bh3 b5 9. O-O Be7 10. Qe2 Nb6 11. a4 Nd4 12. Qf2 Nxf3+ 13. Qxf3 b4 14. Ne2 g6 15. f5 gxf5 16. g4 Rg8 17. Ng3 d4 18. gxf5 Qd5 19. Bg2 Bb7 20. fxe6 Qxf3 21. Bxf3 Bxf3 22. exf7+ Kxf7 23. Rxf3+ Ke6 24. Bd2 Rg6 25. Kh1 Rag8 26. Nh5 Nd5 27. Rg3 Bh4 28. Rxg6+ hxg6 29. Nf6 Bxf6 30. exf6 b3 31. cxb3 Rb8 32. Rc1 Rxb3 33. Rxc5 Nxf6 34. Bg5 Ng4 35. Rc2 Kf5 36. Rc5+ Ke6 37. Rc2 Rxd3 38. Rd2 Kf5 39. Kg2 Rb3 40. Bh4 Ke4 41. Bf2 Ne3+ 42. Bxe3 Kxe3 43. Rf2 d3 44. Rf3+ Ke2 45. Rf2+ Kd1 46. Rf6 d2 47. Kf2 Rxb2 0-1

[Event "Montecatini Terme-B"]
[Site "Montecatini Terme"]
[Date "2002.01.28"]
[Round "3"]
[White "Mrdja, Milan"]
[Black "Naumkin, Igor"]
[Result "1/2-1/2"]
[WhiteElo "2399"]
[BlackElo "2441"]
[PlyCount "23"]
[EventDate "2002.01.26"]
[Source "ChessBase"]
[SourceDate "2002.03.14"]

1. e4 e6 2. Nc3 d5 3. Nf3 Nf6 4. exd5 exd5 5. d4 c6 6. Bd3 Bd6 7. O-O O-O 8. h3 Re8 9. Bg5 Nbd7 10. Re1 Rxe1+ 11. Qxe1 Nf8 12. Ne2 1/2-1/2

[Event "Hotel Opatija 10th"]
[Site "Kastav"]
[Date "2002.04.14"]
[Round "7"]
[White "Jurkovic, Hrvoje"]
[Black "Rogulj, Branko"]
[Result "1-0"]
[WhiteElo "2386"]
[BlackElo "2452"]
[PlyCount "89"]
[EventDate "2002.04.10"]
[Source "ChessBase"]
[SourceDate "2002.05.03"]

1. e4 e6 2. Nc3 d5 3. Nf3 Nf6 4. e5 Ne4 5. Ne2 Bc5 6. d4 Bb6 7. Ng3 c5 8. Bd3 Ba5+ 9. Kf1 Nxg3+ 10. hxg3 cxd4 11. Ng5 h6 12. Qh5 Rf8 13. Nh7 Rh8 14. Qg4 Rxh7 15. Bxh7 Kf8 16. Bxh6 gxh6 17. Rxh6 Ke7 18. Bg8 Nc6 19. Qg7 Nxe5 20. f4 Nc4 21. Bxf7 Kd6 22. b3 Ne3+ 23. Kg1 Bc3 24. Rb1 a5 25. Rh8 Qd7 26. a3 Kc5 27. Qf8+ Kb6 28. b4 axb4 29. axb4 Ka7 30. Bg6 Nc4 31. Bd3 Qd6 32. Qe8 Qc6 33. Qf8 b5 34. Qe7+ Bb7 35. Rxa8+ Kxa8 36. g4 Bd2 37. Ra1+ Kb8 38. g5 Be3+ 39. Kh1 Bxf4 40. Qf8+ Bc8 41. Qxf4+ e5 42. Qf7 Qb7 43. Qf6 Bd7 44. g6 e4 45. g7 1-0

[Event "BL2-Ost 0304"]
[Site "Germany"]
[Date "2003.??.??"]
[Round "?.2"]
[White "Vavra, Pavel"]
[Black "Uhlmann, Wolfgang"]
[Result "1-0"]
[WhiteElo "2380"]
[BlackElo "2450"]
[PlyCount "65"]
[EventDate "2003.10.??"]
[Source "Roberto Alvarez"]
[SourceDate "2004.07.26"]

1. e4 e6 2. Nc3 d5 3. g3 Nf6 4. e5 Nfd7 5. f4 c5 6. Nf3 Nc6 7. Bg2 Be7 8. O-O O-O 9. d3 Rb8 10. a4 a6 11. Qe2 b5 12. axb5 axb5 13. Bh3 Qc7 14. Nd1 Nb6 15. g4 d4 16. Nf2 Nd5 17. Ne4 Bb7 18. Neg5 Nd8 19. Qe4 Nf6 20. exf6 Bxe4 21. fxe7 Qxe7 22. Nxe4 f5 23. Ng3 g6 24. Ne5 Qc7 25. Bg2 Nf7 26. Nc6 Rb6 27. Ra7 Rxc6 28. Rxc7 Rxc7 29. Re1 Nd8 30. Bd2 fxg4 31. Re5 h5 32. Ne4 Rff7 33. Ba5 1-0

[Event "Mind Sports Games - Rapid Team"]
[Site "Pechino CINA"]
[Date "2008.10.16"]
[Round "9"]
[White "Smerdon, D."]
[Black "Hussein, HA."]
[Result "1-0"]
[WhiteElo "2470"]
[BlackElo "2354"]
[PlyCount "113"]
[EventDate "2008.10.14"]
[Source "www.chesslib.no"]
[SourceDate "2004.05.04"]

1. e4 e6 2. Nc3 d5 3. Nf3 d4 4. Ne2 c5 5. d3 Nc6 6. g3 Nf6 7. Bg2 Be7 8. O-O O-O 9. h3 b6 10. Nh2 Bb7 11. f4 Rc8 12. g4 c4 13. dxc4 Nb4 14. e5 Bxg2 15. exf6 Bxf1 16. fxe7 Qxe7 17. Nxf1 Rxc4 18. c3 dxc3 19. bxc3 Nd5 20. Qd3 Rfc8 21. Ne3 Nxe3 22. Bxe3 h5 23. g5 e5 24. f5 Qd8 25. Rd1 Qxd3 26. Rxd3 Ra4 27. Rd2 Kf8 28. Kf2 Ke7 29. g6 f6 30. Kf3 h4 31. Rb2 Rd8 32. Nc1 Rc4 33. Rb3 Rd5 34. Ra3 Rd7 35. Ke2 a5 36. Rb3 Rb7 37. Bxb6 Kd7 38. Bxa5 Rxb3 39. Nxb3 Rf4 40. Nc5+ Kc6 41. Ne6 Rxf5 42. c4 Kd7 43. Nf8+ Ke8 44. Bb4 Rf4 45. Ne6 Rxc4 46. Nxg7+ Kd7 47. Nf5 Rxb4 48. g7 Rb8 49. Nh6 Ke6 50. g8=Q+ Rxg8 51. Nxg8 f5 52. Nh6 f4 53. Kf3 Kd5 54. Nf5 Kc4 55. Nxh4 Kd3 56. Ng2 e4+ 57. Kxf4 1-0

[Event "Minneapolis USA"]
[Site "?"]
[Date "2005.05.20"]
[Round "5.22"]
[White "Shivaji Shivkumar"]
[Black "Dashzeveg Sharavdorj"]
[Result "1/2-1/2"]
[WhiteElo "2297"]
[BlackElo "2526"]
[PlyCount "60"]
[EventDate "2005.??.??"]
[Source "www.chesslib.no"]
[SourceDate "2004.05.04"]

1. e4 e6 2. Nc3 d5 3. Nf3 Bb4 4. e5 c5 5. Ne2 Nc6 6. c3 Ba5 7. d4 cxd4 8. Nexd4 Bc7 9. Nxc6 bxc6 10. Be3 Bb6 11. Nd4 Ne7 12. Qg4 O-O 13. Bg5 Qc7 14. O-O-O Ng6 15. f4 Bxd4 16. cxd4 c5 17. h4 c4 18. h5 Ne7 19. Bf6 Nf5 20. Bxg7 Nxg7 21. h6 f5 22. Qxg7+ Qxg7 23. hxg7 Rf7 24. Be2 Rxg7 25. Bf3 a5 26. a3 a4 27. Rh3 Bd7 28. Rdh1 Ra7 29. Rh6 Rg3 30. R6h3 Rg7 1/2-1/2

[Event "XLIII WJun"]
[Site "Kochin"]
[Date "2004.11.21"]
[Round "4"]
[White "Barbosa, Oliver"]
[Black "Drozdovskij, Yuri"]
[Result "0-1"]
[WhiteElo "2311"]
[BlackElo "2510"]
[PlyCount "83"]
[EventDate "2004.11.20"]
[Source "Roberto Alvarez"]
[SourceDate "2004.11.29"]

1. e4 e6 2. Nc3 d5 3. Nf3 Nf6 4. e5 Ne4 5. Ne2 Ng5 6. Nxg5 Qxg5 7. d4 Qd8 8. c3 c5 9. a3 Qb6 10. Rb1 Nc6 11. b4 cxd4 12. cxd4 Be7 13. Be3 f6 14. exf6 Bxf6 15. Nc3 O-O 16. Na4 Qc7 17. Be2 e5 18. dxe5 Qxe5 19. Qd2 Bh4 20. g3 Bh3 21. Rg1 Bf6 22. Nc5 d4 23. Bf4 Qe7 24. g4 Bh4 25. Rb3 Rxf4 26. Qxf4 Rf8 27. Qxf8+ Qxf8 28. Rf3 Qe7 29. Kd1 Ne5 30. Rxh3 Bxf2 31. Rf1 Be3 32. Bb5 h5 33. Ba4 Qg5 34. Bb3+ Kh7 35. Rg3 Qh4 36. Rg2 Qh3 37. Bd5 Bg1 38. Rf5 Nxg4 39. Rxg4 Qxg4+ 40. Rf3 h4 41. Kc2 b6 42. Ne4 0-1

[Event "Bundesliga 9192"]
[Site "Germany"]
[Date "1992.??.??"]
[Round "?"]
[White "Niedermaier, Hans"]
[Black "Kindermann, Stefan"]
[Result "1/2-1/2"]
[WhiteElo "2315"]
[BlackElo "2505"]
[PlyCount "99"]
[EventDate "1991.10.??"]
[Source "ChessBase"]
[SourceDate "1999.07.01"]

1. e4 e6 2. Nc3 d5 3. g3 Nc6 4. d3 Nf6 5. Bg2 Be7 6. f4 dxe4 7. Nxe4 Nxe4 8. Bxe4 Qd7 9. Be3 b6 10. Nf3 Bf6 11. Ne5 Bxe5 12. fxe5 Bb7 13. Qg4 O-O-O 14. Qxg7 Rhg8 15. Qxh7 Nxe5 16. Bxb7+ Kxb7 17. Qe4+ Nc6 18. O-O-O f5 19. Qf3 Kb8 20. d4 Nb4 21. a3 Nd5 22. Bf4 Nxf4 23. Qxf4 Rg4 24. Qf2 Qd5 25. Rhe1 f4 26. Qe2 Rdg8 27. Qxe6 Qxe6 28. Rxe6 fxg3 29. hxg3 Rxg3 30. c3 a5 31. a4 Rg1 32. Rxg1 Rxg1+ 33. Kd2 Rg2+ 34. Re2 Rg3 35. b3 Kb7 36. Re3 Rg1 37. Kd3 Kc6 38. Kc4 Rg5 39. Re6+ Kb7 40. b4 axb4 41. Kxb4 Rg1 42. d5 Rb1+ 43. Kc4 Ra1 44. Kb3 Rd1 45. c4 Rb1+ 46. Kc3 Rc1+ 47. Kd4 Ra1 48. Re7 Kb8 49. Re8+ Kb7 50. Re7 1/2-1/2